| 000 | 00569nam a2200229Ia 4500 | ||
|---|---|---|---|
| 003 | OSt | ||
| 005 | 20230329144636.0 | ||
| 008 | 210423s2008 xx 000 0 und d | ||
| 020 | _a9788174466488 | ||
| 040 | _cAL | ||
| 041 | _aeng | ||
| 082 | _a337 KUMR | ||
| 100 |
_aKUMAR (Raj) _979653 |
||
| 245 | _aInternational economics | ||
| 260 |
_aNew Delhi _bExcel Books _c2008 |
||
| 300 |
_axxiv,551 _bPB |
||
| 365 |
_b345 _cINR |
||
| 650 |
_aEconomics _979654 |
||
| 650 |
_aInternational Economics _979655 |
||
| 906 | _aeconomics ; International | ||
| 942 |
_2ddc _cBK |
||
| 999 |
_c156397 _d156397 |
||